The fundamentals of landscape architecture / (Record no. 353511)
[ view plain ]
| 000 -LEADER | |
|---|---|
| fixed length control field | 01116nam a22002417a 4500 |
| 003 - CONTROL NUMBER IDENTIFIER | |
| control field | OSt |
| 005 - DATE AND TIME OF LATEST TRANSACTION | |
| control field | 20180116192410.0 |
| 008 - FIXED-LENGTH DATA ELEMENTS--GENERAL INFORMATION | |
| fixed length control field | 120719t 2009xxu||||| |||| 00| 0 eng d |
| 020 ## - INTERNATIONAL STANDARD BOOK NUMBER | |
| International Standard Book Number | 9782940373918 |
| 020 ## - INTERNATIONAL STANDARD BOOK NUMBER | |
| International Standard Book Number | 2940373914 |
| 040 ## - CATALOGING SOURCE | |
| Transcribing agency | 0 |
| 082 ## - DEWEY DECIMAL CLASSIFICATION NUMBER | |
| Classification number | 712 |
| 100 1# - MAIN ENTRY--PERSONAL NAME | |
| Personal name | Waterman, Tim. |
| 9 (RLIN) | 5687 |
| 245 14 - TITLE STATEMENT | |
| Title | The fundamentals of landscape architecture / |
| Statement of responsibility, etc. | Tim Waterman. |
| 260 ## - PUBLICATION, DISTRIBUTION, ETC. | |
| Place of publication, distribution, etc. | London : |
| Name of publisher, distributor, etc. | Ava Publishing, |
| Date of publication, distribution, etc. | 2009. |
| 300 ## - PHYSICAL DESCRIPTION | |
| Extent | 200 p. : |
| Other physical details | ill ; |
| Dimensions | 22 cm. |
| 490 ## - SERIES STATEMENT | |
| Series statement | Ava Academia series |
| 520 ## - SUMMARY, ETC. | |
| Summary, etc. | "The Fundamentals of Landscape Architecture" provides an introduction to the key elements of this broad field. It serves as a guide to the many specialisations complimentary to landscape architecture, such as landscape management and planning, and urban design. This book explains the process of designing for sites, including historical precedent, evolving philosophies, and how a project moves from concept to design to realisation. |
| 650 ## - SUBJECT ADDED ENTRY--TOPICAL TERM | |
| Topical term or geographic name entry element | Landscape architecture |
| 9 (RLIN) | 5688 |
| 650 ## - SUBJECT ADDED ENTRY--TOPICAL TERM | |
| Topical term or geographic name entry element | Representation |
| 9 (RLIN) | 5689 |
| 942 ## - ADDED ENTRY ELEMENTS (KOHA) | |
| Source of classification or shelving scheme | |
| Koha item type | Book |
| Withdrawn status | Lost status | Source of classification or shelving scheme | Damaged status | Not for loan | Permanent Location | Current Location | Date acquired | Total Checkouts | Total Renewals | Full call number | Barcode | Date last seen | Date last checked out | Cost, replacement price | Price effective from | Koha item type |
|---|---|---|---|---|---|---|---|---|---|---|---|---|---|---|---|---|
| School of Art Design and Architecture (SADA) | School of Art Design and Architecture (SADA) | 07/11/2012 | 9 | 5 | 712 WAT 2009 | SADA0001711 | 05/28/2015 | 05/27/2015 | 2128.00 | 07/19/2012 | Book |
